The writers directory 2006 / (Record no. 15919)
[ view plain ]
| 000 -LEADER | |
|---|---|
| fixed length control field | 00613nam a2200193 a 4500 |
| 001 - CONTROL NUMBER | |
| control field | ASIN1558626026 |
| 005 - DATE AND TIME OF LATEST TRANSACTION | |
| control field | 20170105102928.0 |
| 008 - FIXED-LENGTH DATA ELEMENTS--GENERAL INFORMATION | |
| fixed length control field | 131213s2005 xxu eng d |
| 020 ## - INTERNATIONAL STANDARD BOOK NUMBER | |
| International Standard Book Number | 1558626026 (unknown binding) |
| Terms of availability | $0.04 |
| 020 ## - INTERNATIONAL STANDARD BOOK NUMBER | |
| International Standard Book Number | 9781558626027 (unknown binding) |
| 040 ## - CATALOGING SOURCE | |
| Original cataloging agency | 0 |
| 082 ## - DEWEY DECIMAL CLASSIFICATION NUMBER | |
| Classification number | 808.02025 |
| Author Mark | WRI 2005 |
| 245 04 - TITLE STATEMENT | |
| Title | The writers directory 2006 / |
| Statement of responsibility, etc. | Michelle Kazensky. |
| 260 ## - PUBLICATION, DISTRIBUTION, ETC. | |
| Place of publication, distribution, etc. | [S.l.] : |
| Name of publisher, distributor, etc. | St James Pr, |
| Date of publication, distribution, etc. | 2005. |
| 300 ## - PHYSICAL DESCRIPTION | |
| Extent | 1 v. (unpaged) |
| 700 1# - ADDED ENTRY--PERSONAL NAME | |
| Personal name | Kazensky, Michelle. |
| 856 40 - ELECTRONIC LOCATION AND ACCESS | |
| Materials specified | Amazon.com |
| Uniform Resource Identifier | <a href="http://www.amazon.com/exec/obidos/ASIN/1558626026/chopaconline-20">http://www.amazon.com/exec/obidos/ASIN/1558626026/chopaconline-20</a> |
| 942 ## - ADDED ENTRY ELEMENTS (KOHA) | |
| Source of classification or shelving scheme | |
| Koha item type | Reference |
| Withdrawn status | Lost status | Damaged status | Not for loan | Collection code | Permanent Location | Current Location | Shelving location | Date acquired | Total Checkouts | Full call number | Barcode | Date last seen | Price effective from | Koha item type |
|---|---|---|---|---|---|---|---|---|---|---|---|---|---|---|
| Centre for International Peace & Stability (CIPS) | Centre for International Peace & Stability (CIPS) | Reference | 09/13/2013 | 808.02025 WRI 2005 | CIPS0000891 | 12/13/2013 | 12/13/2013 | Reference | ||||||
| Centre for International Peace & Stability (CIPS) | Centre for International Peace & Stability (CIPS) | Reference | 09/13/2013 | 808.02025 WRI 2005 | CIPS0000892 | 12/13/2013 | 12/13/2013 | Reference |
